000 01384nam0a2200349 4500
001 RU\NLR\bibl\1056384
005 20260406135243.0
010 _a5-482-01198-4
010 _z978-5-482-01198-0
_92000
021 _aRU
_b2007-3748
_9189
035 _a(nilc)RSL-KNO-003031498
035 _a(NLR Aleph) 001043674
090 _a834602
_c834602
100 _a20070213d2007 |||y0rusy50 ca
101 0 _arus
102 _aRU
105 _aa z |||||
106 _ar
200 1 _aУправление персоналом в схемах
_eучебное пособие
_fВ. Р. Веснин
210 _aМосква
_cПроспект
_d2007
215 _a94, [1] с.
_cил.
_d20
606 1 _aКадры
_jСхемы
_xУправление
_91230348
_3RU\NLR\auth\66501673
610 0 _aСоциология -- Социальные подсистемы -- Научное управление обществом -- Система и процесс управления. Управление как комплекс функций
686 _aС555.373я73-1
_2rubbk
686 _aУ24(2)0-21я73
700 1 _4070
_8rus
_7ca
_aВеснин
_bВ. Р.
_gВладимир Рафаилович
_3RU\NLR\auth\772616
_9112626
801 0 _aRU
_bРКП
_c20070213
_grcr
801 1 _aRU
_bРГБ
_c20070213
801 2 _aRU
_bNLR
_c20070309
_grcr
942 _cBOOK
980 _aNB